Statistiken für Geboren in Koblenz

Klicken Sie hier um das Quiz zu spielen!

Allgemein

  • Dieses Quiz wurde 14 mal gespielt
    (5 seit der letzten Aktualisierung)
  • Das Durchschnittsergebnis liegt bei 1 aus 8

Antwortstatistiken

HinweisAntwort% Korrekt
früherer Fußballnationaltorwart (1.FC Köln und Real Madrid)1967Bodo Illgner
60%
Model und Siegerin von "Germany's Next Topmodel" 20171998Céline Bethmann
20%
österreichischer Politiker und Diplomat, spielte auf dem Wiener Kongress eine entscheidende Rolle1773Klemens von Metternich
20%
Fußballtrainer von VfL Osnabrück (Bielefeld, Saarbrucken und Fortuna Köln)1971Uwe Koschinat
20%
Schriftsteller und Vertreter der Heidelberger Romantik1778Clemens Brentano
0%
katholischer Publizist und Naturphilosoph sowie Namensgeber einer der ältesten deutschen Wissenschaftsgesellschaften1776Joseph Görres
0%
Physiker und Nobelpreisträger für die Entdeckung der Beugung von Röntgenstrahlen an Kristallen1879Max von Laue
0%
französischer Präsident von 1974 bis 19811926Valéry Giscard d'Estaing
0%

Verteilung der Resultate

Perzentil nach korrekt beantworteten Fragen

Anzahl Personen mit jedem Resultat

Ihre Resultats-Entwicklung

Sie haben dieses Quiz seit der letzten Aktualisierung nicht gespielt